[Event "Khanty-Mansiysk Governor Cup Rapid 20th"]
[Site "Khanty-Mansiysk"]
[Date "2024.11.24"]
[Round "6"]
[White "Kolbin, Valeri"]
[Black "Trofimova, Mariya D"]
[Result "0-1"]
[WhiteElo "1605"]
[BlackElo "1732"]
[PlyCount "76"]
[EventDate "2024.11.23"]
[EventType "swiss (rapid)"]
[EventRounds "11"]
[EventCountry "RUS"]
[SourceTitle "CB48_2024"]
[SourceDate "2024.11.28"]
[SourceVersion "1"]
[SourceVersionDate "2024.11.28"]
[SourceQuality "1"]

1. e4 e5 2. Nf3 Nc6 3. Bb5 a6 4. Ba4 Bc5 5. c3 Nge7 6. 0-0 Ba7 7. d4 Ng6 8. Bg5 f6 9. Be3 0-0 10. Re1 d6 11. Nbd2 Kh8 12. Nf1 exd4 13. Nxd4 Nxd4 14. Bxd4 c5 15. Be3 b5 16. Bc2 Bb7 17. Ng3 d5 18. Qh5 d4 19. cxd4 cxd4 20. Rad1 dxe3 21. Rxd8 exf2+ 22. Kf1 fxe1Q+ 23. Kxe1 Raxd8 24. Nf5 Rfe8 25. Qg4 Bc5 26. h4 Bb4+ 27. Kf1 Bf8 28. h5 Ne5 29. Qh4 Rd2 30. Bb3 Rc8 31. Qe1 Rcd8 32. h6 g6 33. Qh4 Nd7 34. e5 Rc8 35. Qe1 Bb4 36. e6 Bxg2+ 37. Kg1 Ne5 38. e7 Nf3# 0-1